[Event "Palafrugell Gelpi Memorial 28th"]
[Site "Palafrugell"]
[Date "2015.??.??"]
[Round "8"]
[White "Heredia Lloveras, David"]
[Black "Bonell Gleich, Xavier"]
[Result "0-1"]
[WhiteElo "1712"]
[BlackElo "1815"]
[PlyCount "80"]
[EventDate "2015.09.26"]
[EventType "swiss"]
[EventRounds "9"]
[EventCountry "ESP"]
[SourceTitle "EXT 2017"]
[Source "ChessBase"]
[SourceDate "2016.10.25"]
[SourceVersion "1"]
[SourceVersionDate "2016.10.25"]
[SourceQuality "1"]

1. e4 e6 2. d4 c6 3. Nf3 d5 4. e5 h6 5. Bd3 b6 6. 0-0 Ba6 7. b3 c5 8. c3 Bxd3 9. Qxd3 Ne7 10. Na3 a6 11. Be3 Nf5 12. Bc1 cxd4 13. cxd4 Nc6 14. Nc2 Nb4 15. Nxb4 Bxb4 16. Bd2 Bxd2 17. Qxd2 0-0 18. Rac1 Qd7 19. g4 Ne7 20. Ne1 a5 21. a4 Nc6 22. Nc2 Rac8 23. f4 Na7 24. Na3 Qe7 25. Nc2 Qh4 26. Qg2 Rc3 27. Rf3 Rfc8 28. Rxc3 Rxc3 29. Rb1 Nc6 30. Ne1 Nxd4 31. Qb2 Qxg4+ 32. Ng2 Nf3+ 33. Kf2 Rd3 34. Ne3 Qh4+ 35. Kxf3 Qh3+ 36. Ke2 Qxe3+ 37. Kf1 Qxf4+ 38. Kg1 Qg5+ 39. Kh1 Rd2 40. Qc3 Qg2# 0-1

[Event "Palafrugell Gelpi Memorial 28th"]
[Site "Palafrugell"]
[Date "2015.??.??"]
[Round "2"]
[White "Voegeli, Max"]
[Black "Heredia Lloveras, David"]
[Result "1-0"]
[WhiteElo "1854"]
[BlackElo "1712"]
[PlyCount "67"]
[EventDate "2015.09.26"]
[EventType "swiss"]
[EventRounds "9"]
[EventCountry "ESP"]
[SourceTitle "EXT 2017"]
[Source "ChessBase"]
[SourceDate "2016.10.25"]
[SourceVersion "1"]
[SourceVersionDate "2016.10.25"]
[SourceQuality "1"]

1. e4 e6 2. Nf3 c5 3. d3 Nc6 4. g3 g6 5. Bg2 Bg7 6. 0-0 e5 7. c3 Qb6 8. Nbd2 Nf6 9. Nc4 Qc7 10. Re1 b5 11. Ne3 0-0 12. Nd5 Qd6 13. Nxf6+ Bxf6 14. Bh6 Rd8 15. h4 Qe7 16. Bg5 d5 17. exd5 Rxd5 18. Bxf6 Qxf6 19. Ng5 Rd6 20. Ne4 Qe7 21. Nxd6 Qxd6 22. Qe2 h5 23. Bxc6 Qxc6 24. Qxe5 Bh3 25. Qe4 Qc8 26. Re3 Bd7 27. Kh2 Bf5 28. Qf4 Qd7 29. Rae1 Bxd3 30. Re7 Qf5 31. Qxf5 Bxf5 32. Re8+ Rxe8 33. Rxe8+ Kg7 34. Ra8 1-0